| 000 | 01214nam a22002657a 4500 | ||
|---|---|---|---|
| 003 | NALT | ||
| 005 | 20250506133707.0 | ||
| 008 | s2546 th tha d | ||
| 020 | _a9743680063 | ||
| 040 | _aNALT | ||
| 041 | _atha | ||
| 090 | _aว KS36.2 ว692ก 2546 | ||
| 100 | 0 | _aวิริทธิ์พล วินิตวัฒนคุณ | |
| 245 | 1 | 0 |
_aการกำหนดค่าเสียหายเนื่องจากการไม่ชำระหนี้ตามสัญญา / _cวิริทธิ์พล วินิตวัฒนคุณ |
| 260 | 3 |
_aกรุงเทพฯ : _bมหาวิทยาลัยธรรมศาสตร์, _c2546 |
|
| 300 |
_a131 หน้า ; _b 30 ซม. |
||
| 650 | 0 | 4 | _aความเสียหาย |
| 650 | 0 | 4 | _aกฎหมายแพ่งและพาณิชย์ -- สัญญา -- วิจัย |
| 650 | 0 | 4 | _aค่าเสียหาย |
| 650 | 0 | 4 | _aสัญญา -- วิจัย |
| 650 | 0 | 4 | _aความรับผิดทางอาญา |
| 850 | _aNALT | ||
| 942 |
_cRSH _2lcc |
||
| 998 |
_bBENJALUCK _j909 _k นางสาวสุพัณดา สุภาพ |
||
| 999 |
_c31107 _d31107 |
||